| 000 | 02457cam a2200373Ii 4500 | ||
|---|---|---|---|
| 003 | data | ||
| 005 | 20260322212059.0 | ||
| 008 | data | ||
| 019 |
_a903608002 _a903608002 |
||
| 020 | _a9780062307996 | ||
| 020 | _a0062307991 | ||
| 040 |
_aPNX _beng _erda _cPNX _dUtOrBLW _dOCLCO _dVWL _dCPL _dBTCTA _dBDX _dYDXCP _dCCE _dJBL _dBUR _dOCLCQ _dUtOrBLW |
||
| 043 | _an-us--- | ||
| 049 | _aOHLM | ||
| 050 | 4 |
_aKF390.W6 _bG739 2015 |
|
| 082 | 0 | 4 |
_a346.0134 _223 |
| 082 | 0 | 4 |
_a344 _223 |
| 092 | _a346.01 G739 2015 | ||
| 100 | 1 |
_aGreen, Lisa _c(Lawyer), _eauthor. |
|
| 245 | 1 | 0 |
_aOn your case : _ba comprehensive, compassionate (and only slightly bossy) legal guide for every stage of a woman's life / _cLisa Green. |
| 250 | _aFirst edition. | ||
| 260 |
_aNew York, NY : _bHarperCollins, _c2015. |
||
| 264 | 1 |
_aNew York, NY : _bWilliam Morrow, an imprint of HarperCollinsPublishers, _c[2015] |
|
| 300 |
_ax, 390 pages ; _c24 cm. _bcm. |
||
| 336 |
_atext _btxt _2rdacontent. |
||
| 337 |
_aunmediated _bn _2rdamedia. |
||
| 338 |
_avolume _bnc _2rdacarrier. |
||
| 504 | _aIncludes bibliographical references (pages 335-371) and index. | ||
| 505 | 0 | _aIntroduction: Your friend at the bar -- One: Relationships and the law. Launching a relationship : when is online over the line? ; Cohabitation : does practice make perfect? ; Marriage basics ; Common-law marriage ; Civil unions and domestic partnerships ; Prenuptial (and postnuptial) agreements ; Four-prong problems : who keeps the engagement ring? -- Two: Separation and divorce. Separation without anxiety ; All about annulment ; Divorce : getting started ; Divorce : property and support ; Child custody ; Child support ; Fighting over Fido : the pain of pet custody disputes ; DIY, mediation, and collaborative divorce -- Three: Babies, children, and teens. Making babies ; Adoption ; School support ; Advocating for a special needs child ; Your misbehaving teens ; Campus safety -- Four: Employment issues. On the job ; Household help -- Five: Protecting yourself. Online essentials ; Domestic violence -- Six: Later life issues. Taking charge I : medical decisions and powers of attorney ; Taking charge II: estate planning ; Managing Mom, Dad, and other older loved ones-- Seven: Finding legal help. Hiring a lawyer, or doing it yourself. | |
| 650 | 0 |
_aWomen _xLegal status, laws, etc. _zUnited States. |
|
| 650 | 0 |
_aLegal assistance to women _zUnited States. |
|
| 655 | 7 |
_aLaw for laypersons. _2lcgft. |
|
| 001 | data | ||
| 999 |
_c1416 _d1416 |
||